Statystyki dla Państwa z najlepszymi uczelniami

Kliknij tutaj aby rozwiązać quiz!

Ogólne statystyki

  • Ten quiz został rozwiązany 45 razy
  • Średni wynik to 36 z 46

Statystyki odpowiedzi

Liczba uczelniPaństwo% Poprawnych
154Stany Zjednoczone
100%
94Wielka Brytania
100%
36Hiszpania
97%
33Japonia
97%
32Kanada
97%
7Brazylia
94%
59Chiny
94%
36Francja
94%
49Niemcy
94%
4Polska
94%
15Rosja
94%
49Włochy
94%
44Australia
91%
38Indie
91%
10Portugalia
91%
7Austria
89%
18Korea Południowa
89%
7Norwegia
89%
11Szwecja
89%
12Belgia
86%
3Czechy
86%
12Finlandia
86%
13Holandia
86%
10Turcja
86%
6Dania
83%
13Egipt
77%
9Republika Południowej Afryki
77%
15Szwajcaria
77%
18Arabia Saudyjska
74%
3Chile
74%
6Grecja
74%
8Irlandia
74%
5Nowa Zelandia
71%
4Rumunia
71%
29Iran
69%
4Izrael
69%
4Islandia
63%
3Serbia
63%
16Tajwan
57%
8Zjednoczone Emiraty Arabskie
57%
14Pakistan
54%
5Tajlandia
54%
6Malezja
51%
4Liban
31%
3Jordania
26%
4Ghana
6%

Rozkład punktacji

Percentyl według liczby udzielonych odpowiedzi

Procent ludzi z każdym wynikiem

Twoja historia wyników

Nie rozwiązałeś tego quizu